| 000 | 00966nam a22002057a 4500 | ||
|---|---|---|---|
| 003 | OSt | ||
| 005 | 20260302194027.0 | ||
| 008 | 260302b |||||||| |||| 00| 0 eng d | ||
| 040 | _c0 | ||
| 082 | _2DPer 155.205 J826 January-February 2021 v. 120 n. 1-2 | ||
| 100 |
_aWillroth, Emily C. _eauthor. _957993 |
||
| 245 |
_aLife Satisfaction Trajectories During Adolescence and the Transition to Young Adulthood : _bFindings From a longitudinal Study of Mexican-Origin Youth / _cEmily C. Willroth and Olivia E. Atherton and Richard W. Robins. |
||
| 260 |
_aWashington ; _bAmerican Psychological Association , _cJanuary 2021. |
||
| 300 |
_aVolume 120, pages 192-205 : _billustration ; _c28 cm. |
||
| 500 | _aJournal of Personality and Social Psychology, vol. 120, no. 1, pages 192-205, January 2021. | ||
| 700 |
_aWillroth, Emily C. _eauthor. _957993 |
||
| 700 |
_aAtherton, Olivia E. _eauthor. _957859 |
||
| 700 |
_aRobins, Richard W. _eauthor. _957862 |
||
| 942 |
_2ddc _cPER |
||
| 999 |
_c24390 _d24390 |
||